000 00467nam a2200193Ia 4500
003 OSt
005 20220719163810.0
008 210210b1995 xxu||||| |||| 00| 0 eng d
040 _cAL
041 _aeng
082 _a519.5 GUPE
100 _aGUPTA (S P)
_951471
245 _aElementary statistical methods
260 _aND
_bSultan Chand & Sons
_c1995
300 _aviii,646 6
690 _aMathematical Statistics
_951472
906 _a049689
942 _2ddc
_cBK
999 _c98423
_d98423